000 00387nam a2200145Ia 4500
008 150201s2010 xx 000 0 und d
082 _a617.6
_bB2010E
100 _aBITHER,RUPIKA
245 _aETHICAL & LEGAL ISSUES IN DENTISTRY
250 _a1ST
260 _bPARAS PUBLISHING
_aHYDERABAD
_c2010
300 _a1-209
650 _aCONSERVATIVE DENTISTRY & ENDODONTICS
942 _2ddc
_cBK
999 _c4720
_d4720